[Event "IND-chT (Women) 21st"]
[Site "Dharamshala"]
[Date "2024.03.31"]
[Round "3.1"]
[White "Gade, Sharanya"]
[Black "Abishna, Anojan"]
[Result "1-0"]
[WhiteElo "1728"]
[BlackElo "1635"]
[PlyCount "73"]
[EventDate "2024.03.29"]
[EventType "team-swiss"]
[EventRounds "7"]
[EventCountry "IND"]
[SourceTitle "CB15_2024"]
[SourceDate "2024.04.10"]
[SourceVersion "1"]
[SourceVersionDate "2024.04.10"]
[SourceQuality "1"]
[WhiteTeam "Telangana (W)"]
[BlackTeam "Tamil Nadu (W)"]
[WhiteTeamCountry "IND"]
[BlackTeamCountry "IND"]

1. d4 Nf6 2. c4 e6 3. Nc3 Bb4 4. Qc2 b6 5. e4 Bxc3+ 6. bxc3 Bb7 7. Bd3 d6 8. f4 Nbd7 9. Nf3 h6 10. 0-0 e5 11. fxe5 dxe5 12. dxe5 Ng4 13. e6 fxe6 14. Nd4 Nc5 15. e5 Qh4 16. Bg6+ Kd7 17. Rf7+ Kc8 18. Bf4 a6 19. Nf3 Qd8 20. Rd1 Qg8 21. Re7 Bc6 22. Nd4 Ba4 23. Nb3 Nxb3 24. axb3 Qf8 25. Rf7 Qc5+ 26. Rd4 Rd8 27. bxa4 Rxd4 28. cxd4 Qxd4+ 29. Kf1 Ra7 30. Rf8+ Kd7 31. Qd3 Qxd3+ 32. Bxd3 g5 33. h3 Ke7 34. Rh8 gxf4 35. hxg4 Kf7 36. Be4 c6 37. Rh7+ 1-0